Normal view
MARC view
- Sarma, Mulukutla S.,
Entry Personal Name
001 - CONTROL NUMBER
- control field: 14742
003 - CONTROL NUMBER IDENTIFIER
- control field: NUST
005 - DATE AND TIME OF LATEST TRANSACTION
- control field: 20190611152650.0
008 - FIXED-LENGTH DATA ELEMENTS
- fixed length control field: 190611|| aca||aabn | a|a d
040 ## - CATALOGING SOURCE
- Original cataloging agency: NUST
- Transcribing agency: NUST
100 ## - HEADING--PERSONAL NAME
- Personal name: Sarma, Mulukutla S.,
- Dates associated with a name: 1938-
- Relator term: author.
670 ## - SOURCE DATA FOUND
- Source citation: Work cat.: (NUST)0: Glover, J. Duncan, author. 14739, Power system analysis & design /
